Statistics for Answers Contain "Bear"

Click here to take the quiz!

General Stats

  • This quiz has been taken 45,425 times
    (15,441 since last reset)
  • The average score is 13 of 18

Answer Stats

HintAnswer% Correct
Bear species that eats mostly sealsPolar Bear
93%
Rubbery type of candy, originally
produced by Haribo
Gummi Bear
92%
Chinese animalPanda Bear
91%
Most common bear speciesBlack Bear
89%
Inaccurate term for a cute,
Australian marsupial
Koala Bear
87%
Plush toy named after the
26th U.S. President
Teddy Bear
84%
Subspecies of brown bear native
to North America
Grizzly Bear
82%
Bear who moved from Peru
to London
Paddington Bear
80%
Right guaranteed by the Second
Amendment to the U.S. Constitution
Bear Arms
77%
His porridge was too hotPapa Bear
76%
Russian embraceBear Hug
75%
Jellystone Park denizen with a
sidekick named Boo Boo
Yogi Bear
67%
Group that included Cheer Bear,
Grumpy Bear, etc...
Care Bears
63%
NFL team that plays at Soldier Field
Chicago Bears
54%
A type of rugBearskin
53%
Period of decline in stock pricesBear Market
46%
Another term for the tardigrade,
a rugged microscopic animal
Water Bear
33%
Fictitious Australian animal that
attacks from above
Drop Bear
27%

Score Distribution

Percentile by Number Answered

Percent of People with Each Score

Your Score History

You have not taken this quiz since the last reset